Tunnista asia #1 - Statistics

Yleistilastot
  • Tätä visaa on pelattu 197 kertaa
  • Keskiarvotulos 12 / 20
Vastaustilastot
Kuvavisa Vastaus % Oikein
Pringles
91%
Burger King
89%
parsa
89%
retiisi
81%
Nemoa etsimässä
78%
Thaimaa
76%
Juha Mieto
73%
Twix
67%
Martti
66%
lahna
64%
Volvo XC90
64%
kynsisieni
60%
Sombrero
56%
iPhone 15
55%
Hot Rod
48%
Visulahden vahakabinetti
38%
Toma
26%
Marie Curie
21%
Aleksis Kiven päivä
19%
kytkin
17%
Ehtoja vastaavia visoja ei löytynyt
Tulosjakauma
Jokaisen tuloksen saaneiden osuus
Persentiili vastausten määrän mukaan
Tuloshistoriasi
Et ole pelannut tätä visaa